[Event "St Petersburg Korchnoi Memorial op"]
[Site "St Petersburg"]
[Date "2023.08.20"]
[Round "4"]
[White "Sorin, Ilya"]
[Black "Grishin, Aleksandr Y"]
[Result "1-0"]
[WhiteElo "1659"]
[BlackElo "1276"]
[PlyCount "69"]
[EventDate "2023.08.18"]
[EventType "swiss"]
[EventRounds "9"]
[EventCountry "RUS"]
[SourceTitle "EXT 2024"]
[Source "ChessBase"]
[SourceDate "2023.10.10"]
[SourceVersion "1"]
[SourceVersionDate "2023.10.10"]
[SourceQuality "1"]

1. e4 c5 2. c3 d5 3. exd5 Nf6 4. d4 Nxd5 5. dxc5 e6 6. Nf3 Bxc5 7. Bd3 h6 8. 0-0 0-0 9. Bc2 Nc6 10. Nbd2 b6 11. Ne4 Be7 12. Qd3 f5 13. Ng3 e5 14. Bb3 Be6 15. Rd1 Nf4 16. Bxe6+ Nxe6 17. Qc2 Qc7 18. Nxf5 Bf6 19. Be3 Rad8 20. Qb3 Qf7 21. Nd6 Qe7 22. Ne4 Na5 23. Qb5 Nc7 24. Nxf6+ gxf6 25. Qa4 Qg7 26. Qh4 Kh7 27. b4 Nb7 28. Qe4+ f5 29. Qxb7 e4 30. Nh4 Rb8 31. Qc6 Rf6 32. Qc4 Ne6 33. Nxf5 Rxf5 34. Qxe6 Re5 35. Qh3 1-0

[Event "St Petersburg Korchnoi Memorial op"]
[Site "St Petersburg"]
[Date "2023.08.19"]
[Round "2"]
[White "Dorashava, Viktoryia"]
[Black "Grishin, Aleksandr Y"]
[Result "0-1"]
[WhiteElo "1647"]
[BlackElo "1276"]
[PlyCount "114"]
[EventDate "2023.08.18"]
[EventType "swiss"]
[EventRounds "9"]
[EventCountry "RUS"]
[SourceTitle "EXT 2024"]
[Source "ChessBase"]
[SourceDate "2023.10.10"]
[SourceVersion "1"]
[SourceVersionDate "2023.10.10"]
[SourceQuality "1"]

1. d4 d5 2. c4 e6 3. cxd5 exd5 4. Nc3 c5 5. Nf3 Nc6 6. g3 Nf6 7. Bg2 cxd4 8. Nxd4 Bc5 9. Nxc6 bxc6 10. 0-0 0-0 11. Na4 Bb6 12. b4 Ba6 13. Bb2 Qe7 14. Bf3 Rfe8 15. Re1 Ne4 16. Nxb6 axb6 17. Rb1 Ng5 18. Bg2 Ne6 19. e4 d4 20. f4 d3 21. f5 Nf8 22. f6 Qxb4 23. fxg7 Ne6 24. Bf6 Qc5+ 25. Kh1 Qc2 26. Qh5 d2 27. Red1 Bd3 28. Rb2 Qc4 29. Rbxd2 Bxe4 30. Qe2 Qxe2 31. Rxe2 Bxg2+ 32. Rxg2 Nxg7 33. Rb2 b5 34. Rc1 Re6 35. Bd4 Nf5 36. Bf2 Ne7 37. Kg2 Nd5 38. Rcc2 Rae8 39. Bd4 Ne3+ 40. Bxe3 Rxe3 41. Rxc6 Re2+ 42. Rxe2 Rxe2+ 43. Kh3 Rxa2 44. Rb6 Rb2 45. Kg4 Kg7 46. h3 Rb3 47. Kf4 b4 48. Kg4 Rb1 49. Kh4 b3 50. Kg4 b2 51. Kg5 Rg1 52. Rxb2 Rxg3+ 53. Kf4 Rxh3 54. Kg4 Ra3 55. Rb4 Kg6 56. Rf4 f5+ 57. Kh4 Re3 0-1